| Tag |
First Indicator |
Second Indicator |
Subfields |
| LEADER |
00000pam a22000004a 4500 |
| 001 |
in00001715213 |
| 005 |
20151024195831.0 |
| 008 |
020821s2002 ncua b 001 0 eng |
| 010 |
|
|
|a 2002013559
|
| 020 |
|
|
|a 0786413816 (softcover : alk. paper)
|
| 035 |
|
|
|a (OCoLC)ocm50478430
|
| 040 |
|
|
|a DLC
|c DLC
|d TXA
|d UtOrBLW
|
| 042 |
|
|
|a pcc
|
| 043 |
|
|
|a n-us---
|
| 049 |
|
|
|a TXAM
|
| 050 |
0 |
0 |
|a GV863.A1
|b B43 2002
|
| 082 |
0 |
0 |
|a 796.357/0973
|2 21
|
| 100 |
1 |
|
|a Bell, Christopher,
|d 1968-
|
| 245 |
1 |
0 |
|a Scapegoats :
|b baseballers whose careers are marked by one fateful play /
|c Christopher Bell.
|
| 264 |
|
1 |
|a Jefferson, N.C. :
|b McFarland & Company,
|c [2002]
|
| 264 |
|
4 |
|c ©2002
|
| 300 |
|
|
|a ix, 182 pages :
|b illustrations ;
|c 24 cm.
|
| 336 |
|
|
|a text
|b txt
|2 rdacontent
|
| 337 |
|
|
|a unmediated
|b n
|2 rdamedia
|
| 338 |
|
|
|a volume
|b nc
|2 rdacarrier
|
| 504 |
|
|
|a Includes bibliographical references (pages 171-173) and index.
|
| 505 |
0 |
|
|a Fred Merkle -- Fred Snodgrass -- Mickey Owen -- Ralph Branca -- Mike Torrez -- Tom Niedenfuer -- Donnie Moore -- Bill Buckner -- Mitch Williams.
|
| 650 |
|
0 |
|a Baseball
|z United States
|x History.
|
| 650 |
|
0 |
|a Baseball players
|z United States.
|
| 650 |
|
0 |
|a Baseball
|x Defense.
|
| 948 |
|
|
|a cataloged
|b h
|c 2003/1/24
|d c
|e dmitchel
|f 1:00:00 pm
|
| 994 |
|
|
|a E0
|b TXA
|
| 999 |
|
|
|a MARS
|
| 999 |
f |
f |
|s 1e3db0b9-6392-3f1a-8e8f-7787f96544d7
|i a6c70939-320d-3841-afa5-395542323cec
|t 0
|
| 952 |
f |
f |
|p ric
|a Texas A&M University
|b Rellis Campus
|c Joint Library Facility
|d Remote Storage
|t 0
|e GV863.A1 B43 2002
|h Library of Congress classification
|i unmediated -- volume
|m A14829774097
|
| 998 |
f |
f |
|a GV863.A1 B43 2002
|t 0
|l Remote Storage
|